Star Wars Planets in The Book of Boba Fett - Statistics

General Stats
  • This quiz has been taken 14 times
  • The average score is 4 of 7
Answer Stats
Hint Answer % Correct
Where the Main Action Takes Place Tatooine
100%
In Flashbacks Coruscant
83%
In Flashbacks Kamino
67%
In Flashbacks Mandalore
50%
In Flashbacks Geonosis
17%
Chapter 5: Return of the Mandalorian Glavis Ringworld
17%
Chapter 6: From the Desert Comes a Stranger Ossus
17%
No matching quizzes found
Score Distribution
Percent of People with Each Score
Percentile by Number Answered
Your Score History
You have not taken this quiz